Prečo by mali byť obaly "Packaging" piatym P marketingového mixu?
Rozvoj všetkých dostupných kanálov a formátov predaja tak, aby bol schopný reagovať na meniace sa potreby zákazníkov a zachovať si ich lojalitu. Prednosti SRP (Shelf Ready Packaging). Predajná sila a správny dizajn unikátneho obalu.
Salvato in:
| Natura: | Capitolo di libro |
|---|---|
| Lingua: | slovacco |
| Soggetti: | |
| Tags: |
Nessun Tag, puoi essere il primo ad aggiungerne!!
|
MARC
| LEADER | 00000naa a2200000 4500 | ||
|---|---|---|---|
| 001 | 0230069 | ||
| 005 | 20220314091908.7 | ||
| 041 | 0 | |a slo | |
| 044 | |a SK | ||
| 245 | 1 | 0 | |a Prečo by mali byť obaly "Packaging" piatym P marketingového mixu? |
| 520 | |a Rozvoj všetkých dostupných kanálov a formátov predaja tak, aby bol schopný reagovať na meniace sa potreby zákazníkov a zachovať si ich lojalitu. Prednosti SRP (Shelf Ready Packaging). Predajná sila a správny dizajn unikátneho obalu. | ||
| 610 | 2 | 0 | |a marketing |
| 610 | 2 | 0 | |a komunikácia marketingová |
| 610 | 2 | 0 | |a nástroje marketingové |
| 610 | 2 | 0 | |a stratégia marketingová |
| 610 | 2 | 0 | |a stratégia obchodná |
| 610 | 2 | 0 | |a marketing mix |
| 610 | 2 | 0 | |a lojálnosť zákazníkov |
| 610 | 2 | 0 | |a obaly |